00750nam a2200241 a 4500001001300000003000900013005001700022008004100039020002300080082001600103100002100119245005700140260004400197300000900241500003500250505003400285650002100319700002100340902000800361942000700369952011700376999001500493nice12345678IN_TiNIC20260116012724.0050524s1988 lona grp 000 0 eng  a0193568 c18000a954.91bGIL aGilmartin, David aEmpire and Islamb Punjab and the Making of Pakistan aLondan bOxford University Press c1988 a258p aincludes index and biblioraphy2 aGlossary, Bibliography, Index aPakistan-History1 aGilmartin, David bSRS cBK 001040708StackRoom-aHMIbHMId2007-04-12g180.00l0o954.91 GILp013577r2007-04-12v180.00w2005-05-24yBK c8105d8105